[Event "Portugal Open 2017"]
[Site "masterchessopen.com Lisbon POR"]
[Date "2017.02.08"]
[Round "7.27"]
[White "Cavaleiro,D"]
[Black "Santos,JoseAl"]
[Result "0-1"]
[WhiteElo "2030"]
[BlackElo "2193"]

1.d4 d5 2.c4 e5 3.dxe5 d4 4.Nf3 Nc6 5.Bf4 Bg4 6.Nbd2 Qd7 7.h3 Be6 8.a3 Nge7
9.Rc1 Ng6 10.g3 Be7 11.Bg2 O-O 12.Nb3 Rad8 13.Rc2 f6 14.exf6 Nxf4 15.gxf4 Rxf6
16.Qd2 Qd6 17.e3 Bf5 18.Rc1 dxe3 19.fxe3 Qe6 20.Nfd4 Nxd4 21.Nxd4 Qb6 22.Qc3
Bc8 23.c5 Qa6 24.Bf1 b5 25.Bxb5 Qb7 26.c6 Qb6 27.Ba4 Kh8 28.Bd1 Rfd6 29.Qb3
Bh4+ 30.Ke2 Rxd4 31.exd4 Qxd4 32.Qe3 Qd5 {#R} 0-1

[Event "Portugal Open 2017"]
[Site "masterchessopen.com Lisbon POR"]
[Date "2017.02.08"]
[Round "7.31"]
[White "Bebchuk,L"]
[Black "Guerra,Vic"]
[Result "0-1"]
[WhiteElo "2028"]
[BlackElo "2130"]

1.e4 c5 2.Nf3 e6 3.d3 Nc6 4.g3 d5 5.Nbd2 Bd6 6.Bg2 Nge7 7.O-O O-O 8.Re1 b5
9.a4 b4 10.b3 a5 11.Bb2 f6 12.Qe2 Ra7 13.Bh3 d4 14.Nc4 Ng6 15.Nfd2 Raf7
16.Nxd6 Qxd6 17.Nc4 Qc7 18.f4 Re7 19.Qh5 Nd8 20.Bc1 Nh8 21.Bd2 g6 22.Qf3 Bb7
23.Qf2 Nhf7 24.Re2 Nc6 25.Rf1 f5 26.Bg2 Nd6 27.Nb2 Rg7 28.e5 Nf7 29.Nc4 Ne7
30.Bxb7 Qxb7 31.Nxa5 Qc7 32.Nc4 Nd5 33.Ra1 g5 34.h3 Kh8 35.Kh2 Rfg8 36.Rg1 Qe7
37.Ree1 Rg6 38.fxg5 Nxg5 39.Nd6 Qg7 40.h4 Nf7 41.Nxf7+ Qxf7 42.a5 Rg4 43.a6
Qh5 44.a7 f4 45.Bxf4 Nxf4 46.Re4 Nd5 47.Qe2 Ne3 48.Rxg4 Qxg4 49.Qf2 Qg7 50.Kh3
Ng4 51.Qf3 Qxa7 52.Qc6 Qe7 53.Rf1 Nxe5 54.Qe4 Nd7 55.Qb7 e5 56.Qd5 Nf6 57.Qf3
Qe6+ 58.Kh2 Rf8 59.Qe2 Ng4+ 60.Kg1 Rxf1+ 61.Qxf1 Qf6 62.Qg2 Ne3 63.Qe2 Qf5
64.h5 Qg4 65.Qf2 Qd1+ {#R} 0-1

[Event "Portugal Open 2017"]
[Site "masterchessopen.com Lisbon POR"]
[Date "2017.02.08"]
[Round "7.33"]
[White "Akshat,Kh"]
[Black "Rodriguez,Juan Talavera"]
[Result "1-0"]
[WhiteElo "2361"]
[BlackElo "2007"]

1.d4 Nf6 2.c4 e6 3.Nc3 Bb4 4.f3 d5 5.a3 Bxc3+ 6.bxc3 c5 7.cxd5 Nxd5 8.dxc5 Qa5
9.e4 Ne7 10.Be3 Nd7 11.Qb3 Qc7 12.Bb5 O-O 13.Bxd7 Bxd7 14.Rb1 Rab8 15.Ne2 e5
16.c4 f5 17.O-O fxe4 18.fxe4 Bc6 19.Nc3 Ng6 20.Nd5 Qd7 21.Qd1 Rxf1+ 22.Qxf1
Rf8 23.Qe2 Qd8 24.g3 Qd7 25.Kg2 Qf7 26.Rf1 Qxf1+ 27.Qxf1 Rxf1 28.Kxf1 h6
29.Ke2 Kf7 30.Kd3 Ne7 31.Bd2 Ke6 32.Bc3 Bd7 33.Nc7+ Kf6 34.Nb5 Nc8 35.Ba5 Ke7
36.Bc7 Ke6 37.Bd8 Bc6 38.Bc7 a6 39.Nc3 Ne7 40.Nd5 Ng6 41.Bd6 Kf7 42.Kc3 Ke6
43.Kb4 Nh8 44.h4 h5 45.Ka5 Nf7 46.Bf8 Nh6 47.Bxg7 Ng4 48.Kb6 Nf2 49.Nc7+ Kd7
50.Bxe5 Nxe4 51.Nd5 Nd2 52.Ne3 Kc8 53.Ka5 Kd7 54.Kb4 Bf3 55.Kc3 Ne4+ 56.Kd4
Kc6 57.Nd5 Nxc5 58.Nb4+ Kb6 59.Ke3 Bd1 60.Bd4 Bb3 61.Nd3 Bxc4 62.Bxc5+ Kb5
63.Bf8 b6 64.Nf4 Bf7 65.Ke4 Kc6 66.Kf5 a5 67.Kg5 b5 68.Nxh5 b4 69.axb4 a4
70.b5+ {#r} 1-0

[Event "83rd ch-BRA 2017"]
[Site "masterchessopen.com Rio de Janeiro BRA"]
[Date "2017.02.08"]
[Round "3.2"]
[White "De Paula,Rafael Figueiredo"]
[Black "Nogueira,I"]
[Result "1-0"]
[WhiteElo "2322"]
[BlackElo "2308"]

1.e4 e5 2.Nf3 d6 3.d4 Nf6 4.Nc3 Nbd7 5.g4 Nxg4 6.Rg1 Ngf6 7.Bc4 h6 8.Be3 c6
9.dxe5 dxe5 10.Qd3 Qc7 11.Bxf7+ Kxf7 12.Qc4+ Ke7 13.Nh4 Kd8 14.Ng6 Rg8
15.O-O-O Bd6 16.Qe6 Re8 17.Qxd6 Qxd6 18.Rxd6 Kc7 19.Rdd1 Nh5 20.h4 b6 21.f4
exf4 22.Bxf4+ Kb7 23.Bd6 Ndf6 24.e5 Ng4 25.Rdf1 Be6 26.Nf8 Bc8 27.Rf7+ Ka6
28.Ng6 Be6 29.Rc7 Rac8 30.Rxc8 Bxc8 31.Ne7 Nxe5 32.Nxc8 Nf7 33.Rf1 Nf6 34.Be7
Rxc8 35.Bxf6 gxf6 36.Rxf6 Rc7 37.h5 Kb7 38.Ne4 Kb8 39.Nd6 Nxd6 40.Rxd6 Kb7
41.Rxh6 Rf7 42.Rg6 Rf2 43.h6 a5 44.h7 Rh2 45.Rg7+ Ka6 46.Kd1 a4 47.Ke1 a3
48.bxa3 Kb5 49.Kf1 c5 50.Kg1 Rh5 51.Kg2 Kc4 52.a4 Kb4 53.Kg3 Kc3 54.Rc7 Kb4
55.Rf7 c4 56.Kg4 Rh2 57.c3+ Ka3 58.Kg5 Rh1 59.Kg6 Rg1+ 60.Kf6 Rh1 61.Kg7 Rg1+
62.Kf8 Rh1 63.Kg8 Kxa4 64.h8=Q Rxh8+ 65.Kxh8 Ka3 66.Rb7 {#r} 1-0

[Event "83rd ch-BRA 2017"]
[Site "masterchessopen.com Rio de Janeiro BRA"]
[Date "2017.02.08"]
[Round "3.3"]
[White "Carneiro,Vitor Roberto Castro"]
[Black "Macedo,MIa"]
[Result "1-0"]
[WhiteElo "2426"]
[BlackElo "2366"]

1.Nf3 Nf6 2.g3 d5 3.Bg2 c6 4.O-O Bg4 5.d3 Nbd7 6.Nbd2 e5 7.e4 dxe4 8.dxe4 Bc5
9.Qe1 O-O 10.h3 Bh5 11.Nc4 Re8 12.a4 Qc7 13.Nh4 b5 14.Ne3 a6 15.Kh1 Nf8
16.Nef5 Ne6 17.f4 exf4 18.gxf4 Rad8 19.Be3 Bg6 20.e5 Nd4 21.Bxd4 Bxd4 22.Nxd4
Rxd4 23.Qf2 Qd8 24.exf6 Rd2 25.Qg3 Qxf6 26.Rae1 Rde2 {#r} 1-0

[Event "83rd ch-BRA 2017"]
[Site "masterchessopen.com Rio de Janeiro BRA"]
[Date "2017.02.08"]
[Round "3.4"]
[White "Souza Neves,A"]
[Black "Matsuura,E"]
[Result "0-1"]
[WhiteElo "2218"]
[BlackElo "2480"]

1.d4 d5 2.Nf3 Nf6 3.c4 e6 4.Nc3 c6 5.e3 Nbd7 6.Qc2 Bd6 7.Be2 O-O 8.O-O dxc4
9.Bxc4 a6 10.a4 c5 11.dxc5 Bxc5 12.b3 b6 13.Bb2 Bb7 14.e4 Ng4 15.Ne2 Rc8
16.Nf4 Ndf6 17.Qe2 b5 18.axb5 axb5 19.Nxe6 fxe6 20.Bxe6+ Kh8 21.Bxc8 Qxc8
22.Rac1 Nxe4 23.Nd4 Nexf2 24.h3 Re8 25.Rxc5 Qb8 26.hxg4 Rxe2 27.Nxe2 Nxg4
28.g3 Qe8 29.Be5 h6 30.Rf5 Be4 31.Rf4 Nxe5 32.Nd4 Nd3 {#R} 0-1

[Event "83rd ch-BRA 2017"]
[Site "masterchessopen.com Rio de Janeiro BRA"]
[Date "2017.02.08"]
[Round "3.5"]
[White "Quintiliano Pinto,R"]
[Black "El Debs,F"]
[Result "0-1"]
[WhiteElo "2491"]
[BlackElo "2523"]

1.e4 c5 2.Nf3 g6 3.d4 cxd4 4.Nxd4 Bg7 5.c4 Nc6 6.Be3 Nf6 7.Nc3 d6 8.Be2 O-O
9.O-O Nxd4 10.Bxd4 Bd7 11.Qd2 Bc6 12.f3 a5 13.b3 Nd7 14.Bf2 Nc5 15.Rab1 Qb6
16.a3 Qc7 17.Bd1 Rfc8 18.Bc2 Qd8 19.Rfd1 Qf8 20.Bd4 Be5 21.Nd5 Rd8 22.b4 Bxd4+
23.Qxd4 axb4 24.axb4 e5 25.Qd2 Ne6 26.Nc3 Nd4 27.Ne2 Nxc2 28.Qxc2 Ba4 29.Qd3
Bxd1 30.Rxd1 d5 31.cxd5 Qxb4 32.Rb1 Qc5+ 33.Kf1 Ra3 34.Qd2 Rda8 35.Qb2 Ra2
36.Qxb7 Kg7 37.Qb3 Qc2 38.Qxc2 Rxc2 39.Nc1 Ra3 40.Ne2 Raa2 41.Re1 f5 42.f4
exf4 43.e5 Rd2 44.e6 Kf8 45.d6 f3 46.gxf3 Rxd6 47.Nc3 Rxh2 48.Kg1 Rb2 {#R} 0-1

[Event "90th Veliko Tarnovo GM"]
[Site "masterchessopen.com Veliko Tarnovo BUL"]
[Date "2017.02.08"]
[Round "4.1"]
[White "Yordanov,Nikolay2"]
[Black "Ninov,N"]
[Result "0-1"]
[WhiteElo "2144"]
[BlackElo "2459"]

1.d4 Nf6 2.c4 e6 3.Nf3 Bb4+ 4.Bd2 c5 5.Bxb4 cxb4 6.Nbd2 d6 7.e3 O-O 8.Bd3 Qe7
9.Qc2 e5 10.O-O-O Bg4 11.Rde1 Rc8 12.Bf5 Bxf5 13.Qxf5 Nc6 14.Kb1 e4 15.Ng5 g6
16.Qf4 Nh5 17.Qxf7+ Qxf7 18.Nxf7 Kxf7 19.Nxe4 Ke7 20.f4 Nf6 21.Ng3 Rab8 22.Rd1
Na5 23.b3 b5 24.cxb5 Nd5 25.Kb2 Rc3 26.Rhe1 Kd7 27.Ne4 Nxe3 28.Nf6+ Kd8 29.Rd2
Nac4+ {#R} 0-1

[Event "90th Veliko Tarnovo GM"]
[Site "masterchessopen.com Veliko Tarnovo BUL"]
[Date "2017.02.08"]
[Round "4.3"]
[White "Dimitrov,Vl"]
[Black "Nikolovski,Nikola"]
[Result "1-0"]
[WhiteElo "2391"]
[BlackElo "2311"]

1.d4 Nf6 2.c4 c5 3.d5 e6 4.Nc3 exd5 5.cxd5 d6 6.e4 g6 7.f4 Bg7 8.Bb5+ Nfd7
9.Nf3 a6 10.Bd3 b5 11.O-O O-O 12.Kh1 Re8 13.a3 Ra7 14.Be3 Rb7 15.Bf2 b4
16.axb4 Rxb4 17.Ra2 Nb6 18.Bh4 Bf6 19.Bg3 Bg4 20.h3 Bh5 21.Bh2 Bxf3 22.Qxf3
N8d7 23.Rxa6 Rxb2 24.Nb5 Nb8 25.Ra7 c4 26.Nxd6 Qxd6 27.f5 Qf8 28.e5 cxd3
29.fxg6 hxg6 30.e6 fxe6 31.Qxd3 N8d7 32.Qxg6+ Kh8 33.Qh5+ Kg7 34.Be5 Rb1
35.Rxb1 Bxe5 36.Qxe5+ Qf6 37.Qd6 Kg8 38.Rxd7 Nxd7 39.Qxd7 Qg6 40.Rb4 Qf7
41.Rg4+ Kf8 42.Qd6+ {#r} 1-0

[Event "90th Veliko Tarnovo GM"]
[Site "masterchessopen.com Veliko Tarnovo BUL"]
[Date "2017.02.08"]
[Round "4.4"]
[White "Dinev,De"]
[Black "Pantev,V"]
[Result "0-1"]
[WhiteElo "2297"]
[BlackElo "2430"]

1.e4 c6 2.d4 d5 3.exd5 cxd5 4.Bd3 Nf6 5.Nf3 Bg4 6.h3 Bh5 7.O-O Nc6 8.c3 e6
9.Re1 Bd6 10.Nbd2 O-O 11.Nf1 Qc7 12.Bg5 Bg6 13.Bxf6 gxf6 14.Ne3 Rfe8 15.Nh4
Bf8 16.g4 Bh6 17.Nhg2 Rad8 18.Nf5 exf5 19.Rxe8+ Rxe8 20.gxf5 Na5 21.Qg4 Kf8
22.Qf3 Qd6 23.fxg6 fxg6 24.Re1 Rxe1+ 25.Nxe1 Qe6 26.Nc2 Nc6 27.Kg2 Qd6 28.b3
b6 29.a4 a5 30.b4 Nd8 31.bxa5 bxa5 32.c4 dxc4 33.Bxc4 Nc6 34.Qd5 Qxd5+ 35.Bxd5
Ne7 36.Bc4 Bc1 37.Kf3 Nc8 38.Ke4 Ke7 39.Bb3 Nb6 40.Kd3 f5 41.Ne3 Bxe3 42.Kxe3
g5 43.f4 h6 44.Kf3 Kd6 45.Bc2 Ke6 46.Bb3+ Nd5 47.Bc4 Kd6 48.Bd3 Nxf4 49.Bc4
Nd5 50.Ba2 Ke6 51.Bb3 h5 52.Bc4 Kd6 53.Bd3 Ne7 54.Bc4 Nc6 55.Ke3 Nb4 56.Ke2
Ke7 57.Kd2 Kf6 58.Ke3 Nc6 59.Bd5 Ne7 60.Bc4 Ng6 61.Kf2 Ke7 62.Bb3 Nf8 63.Bc2
Kf6 64.Bb3 Ne6 65.Ke3 Nf4 66.h4 Ng2+ 67.Kd3 Nxh4 68.Bd5 Ng6 69.Kc4 g4 {#R} 0-1

[Event "FSGM January 2017"]
[Site "masterchessopen.com Budapest HUN"]
[Date "2017.02.08"]
[Round "5.4"]
[White "Rodriguez Lopez,Ra"]
[Black "Czebe,A"]
[Result "0-1"]
[WhiteElo "2277"]
[BlackElo "2484"]

1.e4 c5 2.Nf3 b6 3.d4 cxd4 4.Nxd4 Bb7 5.Nc3 a6 6.Be3 e6 7.a3 Qc7 8.Qd2 Nf6
9.f3 Nc6 10.O-O-O b5 11.Bf4 e5 12.Nxc6 dxc6 13.Bg3 Be7 14.Qg5 Nxe4 15.Qxg7 Bf6
16.Qg4 Nxc3 17.bxc3 Qe7 18.Kb1 a5 19.Be2 h5 20.Qf5 Bc8 21.Qe4 Ra6 22.Rhe1 h4
23.Bf2 Qxa3 24.c4 Qb4+ 25.Kc1 Be6 26.f4 bxc4 27.fxe5 Bg5+ 28.Be3 Bf5 29.Qd4 c5
{#R} 0-1

[Event "FSIM January 2017"]
[Site "masterchessopen.com Budapest HUN"]
[Date "2017.02.08"]
[Round "5.3"]
[White "Lyell,M"]
[Black "Havanecz,B"]
[Result "0-1"]
[WhiteElo "2244"]
[BlackElo "2220"]

1.e4 e5 2.Nf3 Nc6 3.Bc4 Bc5 4.c3 Nf6 5.d3 O-O 6.O-O d6 7.Nbd2 a5 8.h3 h6 9.Re1
Be6 10.Bb5 Ba7 11.Nf1 Ne7 12.d4 c6 13.Ba4 Qc7 14.Ng3 Rfd8 15.Be3 b5 16.Bc2 b4
17.Nh4 Rab8 18.Nh5 Nxh5 19.Qxh5 Kf8 20.Nf5 Ng8 21.g4 bxc3 22.bxc3 Rb2 23.Bb3
Bxb3 24.axb3 Rxb3 25.g5 hxg5 26.Bxg5 f6 27.Bd2 Qf7 28.Qh8 Bb6 29.Kh1 g5 30.h4
Rd7 31.hxg5 Qg6 32.Kg2 Rh7 33.Rh1 Rxh8 34.Rxh8 exd4 35.cxd4 fxg5 36.Rah1 Bxd4
37.Rxg8+ Qxg8 38.Nxd4 Rd3 39.Be3 c5 40.Nf5 a4 41.Rb1 Rb3 42.Rd1 Qe6 43.Kf3 g4+
44.Kxg4 Qxe4+ 45.Kg5 Rd3 46.f3 Qxf5+ {#R} 0-1

[Event "FSIM January 2017"]
[Site "masterchessopen.com Budapest HUN"]
[Date "2017.02.08"]
[Round "5.4"]
[White "Van Zyl-Rudd,Jack"]
[Black "Nemeth,Zo"]
[Result "0-1"]
[WhiteElo "2041"]
[BlackElo "2281"]

1.d4 Nf6 2.c4 e6 3.Nf3 b6 4.a3 c5 5.d5 exd5 6.cxd5 d6 7.Nc3 g6 8.g3 Bg7 9.Bg2
O-O 10.O-O Re8 11.Nd2 Ba6 12.a4 Nbd7 13.Re1 Ne5 14.f4 Nc4 15.Nxc4 Bxc4 16.e4
Nd7 17.Be3 f5 18.Qc2 Nf6 19.h3 fxe4 20.Nxe4 Nxe4 21.Bxe4 Bb3 22.Qxb3 Rxe4
23.Bd2 Qe7 24.a5 Re8 25.axb6 axb6 26.Qb5 c4 27.Kf1 Qf7 28.Rxe4 Rxe4 29.Ra8+
Bf8 30.Kf2 Qe7 31.Kf3 Re2 32.Bc3 Qe4+ 33.Kg4 h5+ 34.Kg5 Qf5+ 35.Kh4 g5+
36.fxg5 Re4+ 37.g4 Rxg4+ {#R} 0-1

[Event "37th TCh-IND 2017"]
[Site "masterchessopen.com Bhopal IND"]
[Date "2017.02.08"]
[Round "9.2"]
[White "Shyam,SM"]
[Black "Saravana,Kr"]
[Result "0-1"]
[WhiteElo "2554"]
[BlackElo "2308"]
[EventType "team"]

1.e4 e6 2.d4 d5 3.Nd2 h6 4.Ngf3 Nf6 5.e5 Nfd7 6.c4 dxc4 7.Bxc4 Nb6 8.Bb3 Bd7
9.O-O Bc6 10.Re1 Bd5 11.Bc2 Nc6 12.Ne4 Bb4 13.Bd2 Bxd2 14.Qxd2 Qe7 15.a3 a6
16.b4 O-O-O 17.Qc3 Rhg8 18.Rac1 Kb8 19.Nc5 Nd7 20.Rb1 Nxc5 21.bxc5 Ka8 22.Nd2
f6 23.Qb2 Rb8 24.Ne4 fxe5 25.dxe5 Rgf8 26.Qc3 Qh4 27.f3 Qf4 28.Ng3 Qg5 29.Rbd1
Rbd8 30.Qe3 Qe7 31.Bd3 Qh4 32.Rd2 Na5 33.Ne4 Qf4 34.Qxf4 Rxf4 35.Rf2 Nc6
36.Ng3 Ra4 37.f4 Rxa3 38.Bh7 Rc3 39.f5 exf5 40.e6 Re8 41.Bxf5 Rxc5 42.Bh3 Re7
43.Rf5 b6 44.Nh5 Nd4 45.Rf8+ Ka7 46.Nf4 Bb3 47.Rd8 Nxe6 48.Nxe6 Rc6 49.Rd3
Rexe6 50.Bxe6 Bxe6 51.h4 a5 52.Rg3 a4 53.Rxg7 b5 54.g4 a3 55.g5 hxg5 56.Rg6
gxh4 57.Rgxe6 Rxe6 58.Rxe6 a2 59.Re1 b4 60.Kf2 b3 61.Ra1 Kb6 {#R} 0-1

[Event "37th TCh-IND 2017"]
[Site "masterchessopen.com Bhopal IND"]
[Date "2017.02.08"]
[Round "9.2"]
[White "Surendran,N"]
[Black "Narayanan,SL"]
[Result "0-1"]
[WhiteElo "2120"]
[BlackElo "2524"]
[EventType "team"]

1.d4 Nf6 2.Nf3 g6 3.g3 b6 4.Bg2 Bb7 5.O-O Bg7 6.c4 O-O 7.Nc3 Ne4 8.Bd2 c5
9.Nxe4 Bxe4 10.Bc3 Nc6 11.e3 Rc8 12.Rc1 cxd4 13.Nxd4 Bxg2 14.Kxg2 Nxd4 15.Bxd4
e5 16.Bc3 Rxc4 17.Qd3 Qa8+ 18.Kg1 d5 19.f4 Rfc8 20.f5 d4 21.exd4 exd4 22.f6
Bh6 23.Bd2 Rxc1 24.Bxh6 Rxf1+ 25.Qxf1 Qe4 26.Bd2 d3 27.Qh3 Qd4+ 28.Kh1 Re8
{#R} 0-1

[Event "37th TCh-IND 2017"]
[Site "masterchessopen.com Bhopal IND"]
[Date "2017.02.08"]
[Round "9.2"]
[White "Rajesh,VA"]
[Black "Sekar,B"]
[Result "1-0"]
[WhiteElo "2317"]
[BlackElo "2214"]
[EventType "team"]

1.d4 Nf6 2.c4 e6 3.Nc3 Bb4 4.e3 O-O 5.Bd3 d5 6.Nf3 c5 7.O-O dxc4 8.Bxc4 Nc6
9.a3 Ba5 10.Qd3 a6 11.dxc5 Qxd3 12.Bxd3 Bxc3 13.bxc3 Na5 14.Bc2 Bd7 15.e4 Bc6
16.Re1 Nd7 17.Bf4 Rfe8 18.Bd6 Bb5 19.c4 Bxc4 20.c6 Nxc6 21.Rab1 b5 22.Nd2 Nce5
23.Nxc4 Nxc4 24.Bb4 Nde5 {#r} 1-0

[Event "37th TCh-IND 2017"]
[Site "masterchessopen.com Bhopal IND"]
[Date "2017.02.08"]
[Round "9.3"]
[White "Jayakumaar,S"]
[Black "Satyapragyan,S"]
[Result "0-1"]
[WhiteElo "2237"]
[BlackElo "2442"]
[EventType "team"]

1.e4 e5 2.Nf3 Nc6 3.Bb5 a6 4.Ba4 Nf6 5.O-O Be7 6.Re1 b5 7.Bb3 d6 8.c3 O-O 9.d4
Bg4 10.d5 Na5 11.Bc2 c6 12.h3 Bxf3 13.Qxf3 cxd5 14.exd5 Nc4 15.Nd2 Nb6 16.Bb3
Nfd7 17.Ne4 f5 18.Ng3 g6 19.Bh6 Rf7 20.Rad1 Bg5 21.Bxg5 Qxg5 22.Bc2 Re8 23.b3
e4 24.Qe2 Rfe7 25.a4 bxa4 26.bxa4 Nc5 27.a5 Nbd7 28.Nf1 Ne5 29.Nh2 Nf3+ 30.Kh1
Nxe1 31.Rxe1 f4 32.Qd1 f3 33.gxf3 exf3 34.Nxf3 Rxe1+ 35.Nxe1 Qh5 36.Nf3 Qxh3+
37.Kg1 Qg4+ 38.Kf1 Rf8 39.Nd4 Qh3+ 40.Kg1 Rf4 41.Ne2 Rh4 42.Ng3 Qh2+ 43.Kf1
Rf4 {#R} 0-1

[Event "37th TCh-IND 2017"]
[Site "masterchessopen.com Bhopal IND"]
[Date "2017.02.08"]
[Round "9.3"]
[White "Swayams,M"]
[Black "Harikrishnan,A"]
[Result "0-1"]
[WhiteElo "2460"]
[BlackElo "2291"]
[EventType "team"]

1.d4 Nf6 2.c4 e6 3.Nc3 Bb4 4.e3 b6 5.Ne2 Ba6 6.a3 Bxc3+ 7.Nxc3 d5 8.Be2 dxc4
9.Bf3 c6 10.e4 h6 11.e5 Nd5 12.Ne4 O-O 13.g4 Qh4 14.g5 Nf4 15.Bxf4 Qxf4
16.gxh6 Qxh6 17.Rg1 Nd7 18.Nd6 Rad8 19.Bxc6 f6 20.Bxd7 fxe5 21.Qa4 Rxf2
22.Bxe6+ Qxe6 23.Kxf2 Qxd6 24.Rg4 b5 25.Qc2 Bc8 26.Rg3 Rf8+ 27.Ke1 exd4 28.Qg2
Qe5+ 29.Kd1 Bb7 30.Qe2 Be4 31.Ra2 Qxg3 32.hxg3 Bf3 33.Ra1 d3 34.Qxf3 Rxf3
35.Kd2 Rf2+ 36.Kc3 Rc2+ 37.Kd4 Rxb2 38.a4 a6 39.axb5 axb5 40.g4 Rg2 41.Kc3
Rxg4 42.Ra8+ Kh7 43.Rb8 Rd4 44.Kxd4 d2 45.Rxb5 d1=Q+ 46.Kxc4 g5 47.Rd5 Qe2+
48.Kd4 g4 49.Re5 Qxe5+ 50.Kxe5 g3 51.Kf4 g2 52.Kg3 g1=Q+ {#R} 0-1

[Event "Portugal Open 2017"]
[Site "masterchessopen.com Lisbon POR"]
[Date "2017.02.09"]
[Round "8.3"]
[White "Perunovic,Mil"]
[Black "Damia,A"]
[Result "1-0"]
[WhiteElo "2604"]
[BlackElo "2293"]

1.e4 Nc6 2.Nf3 Nf6 3.e5 Nd5 4.d4 d6 5.c4 Nb6 6.e6 fxe6 7.Nc3 g6 8.h4 e5 9.d5
Nb4 10.a3 Na6 11.h5 Bg7 12.hxg6 hxg6 13.Rxh8+ Bxh8 14.Nh4 c6 15.Nxg6 Kd7
16.Be3 Kc7 17.dxc6 bxc6 18.c5 Nd7 19.cxd6+ exd6 20.Rc1 Nac5 21.b4 d5 22.Nxd5+
cxd5 23.Bxc5 Nxc5 24.Rxc5+ Kb8 25.Rxd5 {#r} 1-0

[Event "Portugal Open 2017"]
[Site "masterchessopen.com Lisbon POR"]
[Date "2017.02.09"]
[Round "8.4"]
[White "Indjic,A"]
[Black "Maiorov,N1"]
[Result "1-0"]
[WhiteElo "2560"]
[BlackElo "2511"]

1.d4 Nf6 2.c4 e6 3.Nf3 b6 4.Nc3 Bb4 5.Bg5 Bb7 6.Nd2 h6 7.Bh4 Bxc3 8.bxc3 d6
9.f3 Nbd7 10.e4 Qe7 11.Bd3 g5 12.Bf2 Nh5 13.Qa4 Nf4 14.Bf1 c5 15.h4 Ng6 16.h5
Nf8 17.Bd3 Kd8 18.Nf1 f5 19.exf5 exf5+ 20.Kd2 f4 21.Re1 Qf7 22.Kc2 Kc7 23.Nd2
Rg8 24.Ne4 Bc6 25.Qa6 Nb8 26.Qa3 Nbd7 27.Re2 Nf6 28.Nxd6 Kxd6 29.dxc5+ Kd7
30.Rhe1 Rg7 31.Bf5+ Kd8 32.cxb6 N6d7 33.Bxd7 Nxd7 34.Qd6 Ba4+ 35.Kc1 Rc8
36.bxa7 {#r} 1-0

[Event "Portugal Open 2017"]
[Site "masterchessopen.com Lisbon POR"]
[Date "2017.02.09"]
[Round "8.5"]
[White "Harutyunian,T"]
[Black "Sousa,Andre Ventura"]
[Result "1-0"]
[WhiteElo "2515"]
[BlackElo "2380"]

1.Nf3 Nf6 2.c4 g6 3.g3 Bg7 4.Bg2 d6 5.d4 O-O 6.O-O Nc6 7.Nc3 a6 8.d5 Na5 9.b3
Rb8 10.Bg5 c5 11.dxc6 Nxc6 12.Qd2 b5 13.cxb5 axb5 14.Bh6 b4 15.Bxg7 Kxg7
16.Nd5 Nxd5 17.Qxd5 Qb6 18.Rfc1 Bb7 19.Qd2 Qb5 20.Rc4 f6 21.Rac1 Qb6 22.Ne1 d5
23.Rc5 Rfd8 24.Nd3 e5 25.Bxd5 Ne7 26.Rc7 Bxd5 27.Rxe7+ Bf7 28.Rcc7 Rf8 29.Nc5
Kg8 30.Nd7 Rbd8 31.Qc1 Qa6 32.Nxf8 Qxe2 33.Nd7 Qf3 34.Rxf7 {#r} 1-0

[Event "Portugal Open 2017"]
[Site "masterchessopen.com Lisbon POR"]
[Date "2017.02.09"]
[Round "8.6"]
[White "Kovalenko,I"]
[Black "Menezes,Chr"]
[Result "1-0"]
[WhiteElo "2684"]
[BlackElo "2404"]

1.c4 c5 2.g3 Nc6 3.Bg2 g6 4.Nc3 Bg7 5.Nf3 d6 6.a3 a5 7.O-O e5 8.d3 Nge7 9.Bg5
O-O 10.Ne1 f6 11.Bd2 Be6 12.Rc1 Rb8 13.Nc2 Qd7 14.Ne3 Bh3 15.Ned5 Nxd5 16.cxd5
Bxg2 17.Kxg2 Ne7 18.a4 f5 19.Qb3 b6 20.f4 exf4 21.Bxf4 h6 22.Nb5 Nc8 23.h4 Qe7
24.Rf2 Rb7 25.Rcf1 Qd8 26.e4 Rbf7 27.Bc1 Ne7 28.Na3 Qd7 29.Nc4 Nc8 30.Qd1 Kh7
31.h5 g5 32.Rxf5 Rxf5 33.Rxf5 Rxf5 34.exf5 Qxf5 35.Qf3 Qd7 36.g4 Kg8 37.Qe4
Kf8 38.Bd2 Qf7 39.b3 Qe8 40.Qf5+ Kg8 41.Kf3 Qf7 42.Qxf7+ Kxf7 43.Ke4 Bf8
44.Be1 Be7 45.Ne3 Bf8 46.Nf5 Ke8 47.Bc3 Kf7 48.d4 Ke8 49.Kd3 Kd7 50.Kc4 Kc7
51.Be1 Kb7 52.dxc5 dxc5 53.Bg3 Na7 54.Bd6 {#r} 1-0

[Event "Portugal Open 2017"]
[Site "masterchessopen.com Lisbon POR"]
[Date "2017.02.09"]
[Round "8.7"]
[White "Gharamian,T"]
[Black "Rocha,S"]
[Result "1-0"]
[WhiteElo "2624"]
[BlackElo "2378"]

1.e4 d5 2.exd5 Qxd5 3.Nc3 Qa5 4.d4 Nf6 5.Bc4 c6 6.Bd2 Bf5 7.Nd5 Qd8 8.Nxf6+
gxf6 9.Qe2 Bxc2 10.Nh3 b5 11.Rc1 Bf5 12.Bd3 Qd5 13.Nf4 Bxd3 14.Qxd3 Qd6 15.O-O
Bh6 16.Qh3 Bg5 17.Qc8+ Qd8 18.Qb7 Nd7 19.Qxc6 O-O 20.Be3 Rb8 21.Rfe1 Kh8
22.Rcd1 Qc8 23.Qe4 e6 24.d5 e5 25.Nh5 Rg8 26.Ng3 Qa6 27.Qf5 Rbd8 28.Ne4 Bxe3
29.Rxe3 Rg6 30.Ra3 Qb6 31.Rc3 Nf8 32.Rc8 Kg7 33.Rxd8 Qxd8 34.Qf3 Nd7 35.b4 a5
36.a3 axb4 37.axb4 Qc7 38.Ng3 Qc4 39.Qf5 Qg4 40.f3 Qxf5 41.Nxf5+ Kh8 42.Rc1
Rg8 43.Rc7 Rd8 44.Nd6 Kg7 45.Nb7 Ra8 46.Rxd7 Ra4 47.d6 Rxb4 48.Rc7 e4 49.fxe4
{#r} 1-0

[Event "Portugal Open 2017"]
[Site "masterchessopen.com Lisbon POR"]
[Date "2017.02.09"]
[Round "8.8"]
[White "Palac,M"]
[Black "Carrasco Martinez,J"]
[Result "0-1"]
[WhiteElo "2600"]
[BlackElo "2352"]

1.e4 g6 2.d4 Bg7 3.c4 c5 4.Nf3 cxd4 5.Nxd4 Nc6 6.Be3 Nf6 7.Nc3 d6 8.Be2 O-O
9.O-O Bd7 10.h3 Nxd4 11.Bxd4 Bc6 12.Qc2 Nd7 13.Bxg7 Kxg7 14.b4 b6 15.Rac1 a5
16.a3 axb4 17.axb4 Ra7 18.Rfe1 Qb8 19.Qd2 Nf6 20.Bf1 Rc8 21.Re3 e5 22.Rd1 Rd7
23.g3 Qa8 24.f3 h5 25.h4 Rdd8 26.Rd3 Ne8 27.Qe3 Qb8 28.R3d2 Rc7 29.Ra1 Ra7
30.Rxa7 Qxa7 31.Ra2 Qc7 32.Ra6 Rb8 33.Qd2 Nf6 34.Ra1 Rd8 35.Rd1 Qa7 36.Qb2 b5+
37.Kg2 bxc4 38.Bxc4 Qc7 39.Rc1 Rb8 40.Bf1 Qb6 41.b5 Bd7 42.Qb4 Be6 43.Rd1 Ne8
44.Na4 Qe3 45.Rd3 Qc1 46.Qc3 Bh3+ 47.Kxh3 Qxf1+ 48.Kh2 Qf2+ 49.Kh3 Ra8 50.Qb3
Rxa4 51.Qxa4 Qf1+ 52.Kh2 Qxd3 53.b6 Qe2+ 54.Kg1 Qe3+ 55.Kg2 Qxb6 56.Qxe8 Qb2+
57.Kg1 Qe2 58.Qc6 Qxf3 59.Kh2 Qf2+ {#R} 0-1

[Event "Portugal Open 2017"]
[Site "masterchessopen.com Lisbon POR"]
[Date "2017.02.09"]
[Round "8.9"]
[White "Vorobiov,E"]
[Black "Abergel,T"]
[Result "1-0"]
[WhiteElo "2580"]
[BlackElo "2464"]

1.Nf3 g6 2.e4 Bg7 3.d4 d6 4.Bc4 Nf6 5.Qe2 O-O 6.O-O Nc6 7.e5 Ne8 8.h3 a6 9.c3
e6 10.Bg5 Qd7 11.Nbd2 b6 12.Rad1 h6 13.Bf4 Ne7 14.Rfe1 Kh7 15.Bd3 f6 16.Bh2
dxe5 17.dxe5 f5 18.Ne4 Qc6 19.Nd4 Qb7 20.Nf6+ Nxf6 21.exf6 Rxf6 22.Be5 Rf7
23.Bxg7 Rxg7 24.Nxe6 Bxe6 25.Qxe6 Ng8 26.Bc4 c6 27.Rd6 b5 28.Be2 Rf8 29.Bf3
Rf6 30.Qe5 Rxd6 31.Qxd6 Re7 32.Rd1 Qc7 33.Kf1 Qa5 34.Bxc6 Qa4 35.Bf3 Qc2
36.Qd2 Qa4 37.a3 Nf6 38.Qd4 Qxd4 39.Rxd4 Re6 40.c4 bxc4 41.Rxc4 g5 42.Rc6 Rxc6
43.Bxc6 a5 44.b4 axb4 45.axb4 Ng8 46.b5 {#r} 1-0

[Event "Portugal Open 2017"]
[Site "masterchessopen.com Lisbon POR"]
[Date "2017.02.09"]
[Round "8.10"]
[White "Fernandes,Ant"]
[Black "Grigoryan,K2"]
[Result "0-1"]
[WhiteElo "2463"]
[BlackElo "2561"]

1.d4 Nf6 2.g3 d5 3.Bg2 c6 4.Nf3 Bf5 5.O-O h6 6.c4 e6 7.Nc3 Nbd7 8.Nd2 Nb6 9.b3
dxc4 10.Nxc4 Bb4 11.Bb2 Nbd5 12.Qc1 O-O 13.a3 Be7 14.Re1 Bh7 15.e4 Nb6 16.Qe3
Re8 17.Rac1 Bf8 18.Red1 Nxc4 19.bxc4 Qb6 20.Qe2 Qa6 21.e5 Nd7 22.Ne4 Nb6
23.Nd6 Red8 24.Bf1 Na4 25.Ba1 c5 26.Qe3 Bxd6 27.exd6 Qxd6 28.dxc5 Qxc5 29.Bd4
Qa5 30.c5 Bf5 31.Bc4 Rac8 32.Qe5 Rxd4 33.Qxd4 Nxc5 34.Qe3 Qc7 35.Be2 b6 36.Ba6
Rf8 37.Bd3 Bh3 38.Bf1 Bxf1 39.Kxf1 f5 40.Kg1 f4 41.Qd4 f3 42.Rc3 Qf7 43.Qe5
Qg6 44.h3 Ne4 45.Rcd3 Ng5 46.Kh2 Kh7 47.h4 Ne4 48.h5 Qg4 49.Kg1 Nc5 50.Rd7
Nxd7 51.Rxd7 a5 52.Qc3 e5 53.Qc7 e4 54.Qd6 Rc8 55.Qg6+ Qxg6 56.hxg6+ Kxg6
57.Rd6+ Kf5 58.Rxb6 Rc1+ 59.Kh2 e3 {#R} 0-1